[Event "Chile-ch Absolute 2018-19"]
[Site "Santiago"]
[Date "2019.02.24"]
[Round "6.4"]
[White "Henriquez Villagra, Cristobal"]
[Black "Tapia Fuentes, Jaime"]
[Result "1-0"]
[WhiteElo "2508"]
[BlackElo "2259"]
[Annotator "TA"]
[PlyCount "65"]
[EventDate "2019.02.20"]
[EventType "tourn"]
[EventCountry "CHI"]
[SourceTitle "playchess.com"]
[Source "ChessBase"]
[SourceQuality "1"]

{[%evp 9,65,41,48,-1,29,23,27,26,79,58,67,71,80,63,67,52,91,38,30,0,0,0,0,-28,41,-8,73,50,52,23,162,166,151,147,233,165,156,91,98,83,100,114,160,147,152,153,332,319,326,327,582,566,488,234,831,842,727,718]} 1. e4 c5 2. Nc3 g6 3. d4 Bg7 4. d5 d6 5. Be2 Nf6 6. Be3 {A43: Schmid Benoni} (6. Nf3 O-O 7. O-O Bg4 8. a4 Bxf3 9. Bxf3 Nbd7 10. Bf4 Rb8 11. Re1 a6 12. Be2 Qc7 13. Bf1 c4 14. a5 b5 15. axb6 Rxb6 16. Na4 Rb7 17. Ra2 Rfb8 18. Qe2 {0-1 (37) Grandelius,N (2643)-Belyakov,B (2487) Doha 2016}) 6... a6 7. a4 O-O 8. Nf3 {White has an edge.} b6 $146 (8... e6 $11) ({Predecessor:} 8... Nbd7 9. h3 Re8 10. O-O Nf8 11. Qd2 e5 12. Rfb1 a5 13. Bd3 Nh5 14. g4 f5 15. gxh5 {0-1 (36) Almeida,C (1873)-Zarate,F (1854) Ciudad del Este 2015}) 9. Nd2 Nbd7 {[%cal Bb8d7,Bd7e5,Be5f7][%mdl 32]} 10. O-O Ne8 11. Nc4 Rb8 12. Qd2 Ne5 13. Na3 ({White should play} 13. Nxe5 $16 Bxe5 14. Bh6) 13... f5 $14 14. h3 Nc7 15. f4 $36 {[%mdl 2048] White has the initiative.} Nf7 16. exf5 gxf5 (16... Bxf5 $11 17. Nc4 Qe8) 17. Bf2 Bf6 (17... e6 $11 {remains equal.}) 18. Rfe1 $16 Kh8 19. Rab1 e6 (19... Rg8 $1 $11) 20. dxe6 $18 Nxe6 21. Nd5 Nd4 (21... Bb7 $16 {was worth a try.}) 22. Nxf6 Nxe2+ 23. Qxe2 (23. Rxe2 $142 Qxf6 24. Nc4) 23... Qxf6 $16 24. Qe7 Qxe7 25. Rxe7 b5 26. axb5 axb5 27. b4 c4 $2 (27... Rb7 $16 {was necessary.} 28. Re3 h5 29. bxc5 dxc5 30. Rxb5 Nd6 31. Rxb7 (31. Rxc5 Ne4 $16) 31... Bxb7) 28. Bd4+ Kg8 29. Rbe1 {[#] R1e3 is the strong threat.} Bb7 $2 (29... h5 30. Ra7 Rb7) 30. R1e3 $18 {Rg3+ would kill now.} Rfc8 31. Bf6 (31. Nxb5 $142 Be4 32. Nc7) 31... Bd5 $2 {[#]} (31... Be4 32. Ra7 Kf8) 32. Nxb5 $1 {[%mdl 512]} Kf8 (32... Rxb5 33. Re8+) 33. Nc7 {Accuracy: White = 49%, Black = 36%.} 1-0

[Event "Chile-ch Absolute 2018-19"]
[Site "Santiago"]
[Date "2019.02.24"]
[Round "6.5"]
[White "Torres Bravo, Cristobal"]
[Black "Olivares Olivares, Claudio"]
[Result "1-0"]
[WhiteElo "2347"]
[BlackElo "2387"]
[Annotator "TA"]
[PlyCount "99"]
[EventDate "2019.02.20"]
[EventType "tourn"]
[EventCountry "CHI"]
[SourceTitle "playchess.com"]
[Source "ChessBase"]
[SourceQuality "1"]

{[%evp 16,99,0,13,12,11,22,22,22,10,10,0,0,-21,-13,-25,-29,-22,-31,-22,0,0,36,32,45,0,19,-19,-19,-15,-18,-20,-13,-58,66,47,54,54,62,54,57,62,46,61,151,161,138,107,109,109,195,195,176,100,100,102,96,81,217,220,978,376,366,362,347,318,429,413,438,427,380,380,390,390,903,764,755,726,5177,5153,5728,593,4133,5052,1336,1289]} 1. d4 Nf6 2. Nf3 g6 3. g3 Bg7 4. Bg2 O-O 5. O-O d6 6. c4 Nbd7 7. Nc3 e5 8. e3 c6 9. Qc2 exd4 {E67: King's Indian: Fianchetto: 6...Nbd7} (9... Re8 10. b4 exd4 11. exd4 Nb6 12. c5 Bf5 13. Qb3 Be6 14. Qd1 Nbd5 15. Nxd5 Nxd5 16. Bg5 Qd7 17. Qd2 {0-1 (29) Sachdev,T (2396)-Bortnyk,O (2588) Abu Dhabi 2016}) 10. Nxd4 a5 $146 ({Predecessor:} 10... Nb6 11. b3 d5 12. Ba3 Re8 13. Rad1 Bd7 14. cxd5 Nbxd5 15. Na4 Qc8 16. Rfe1 Bg4 {½-½ (57) Laurusas,T (2423)-Terletsky,O (2384) Katowice 2017}) 11. b3 Nc5 {The position is equal.} 12. Bb2 h5 13. Rab1 h4 14. a3 Re8 15. b4 axb4 16. axb4 Ne6 17. Nf3 hxg3 18. hxg3 Qb6 19. b5 Qc7 20. Ra1 Bd7 21. Qe2 Nc5 22. Nd4 Rxa1 23. Rxa1 Ng4 {[#] Strongly threatening ...Bxd4.} 24. Na4 (24. Ra7 {looks sharper.} Nxe3 25. Nxc6 Nf5 26. Qd2 Bxc6 27. bxc6 Qb6 28. Rxb7 Nxb7 29. cxb7 Qb4 30. Qc1) 24... Bxd4 ({Black should try} 24... Ra8 $15 25. bxc6 bxc6 26. Nxc5 Rxa1+ 27. Bxa1 dxc5) 25. Bxd4 $14 cxb5 26. cxb5 Nxa4 27. Rxa4 Qc1+ 28. Bf1 Ne5 29. Ra1 Qc8 (29... Qd2 $1 $14) 30. Bg2 $16 Bh3 31. f4 Bxg2 32. Kxg2 Nc4 (32... Qg4 $16 33. Qxg4 Nxg4) 33. Rh1 $18 {[%csl Gd4][%cal Rh1h8] [#]} f6 34. f5 ({White should play} 34. g4 $18) 34... d5 $16 35. fxg6 {Rh8+! would kill now.} Qf5 36. Rf1 $40 {[%mdl 128] Black is in trouble.} Qxg6 (36... Qe4+ $16 37. Kh3 Nxe3 38. Qxe3 Qxe3 39. Bxe3 Rxe3) 37. Rxf6 $18 Qg5 $2 (37... Qe4+ 38. Kf2 Rf8) 38. Qf3 $2 (38. Rf4 {Rg4 is the strong threat.} Ne5 39. Bxe5 {[%mdl 64] Overworked Piece} Qxe5 40. Qg4+ Qg7 41. Qf5) 38... Nd2 39. Qf5 Qxf5 40. Rxf5 {[%mdl 4096] Endgame KRB-KRN} Rd8 41. Rg5+ Kf8 42. Rg7 b6 43. Rb7 Nc4 44. Bxb6 Ra8 $2 (44... Nxb6 45. Rxb6 d4 46. exd4 Rxd4) 45. Bc5+ {White is clearly winning.} Ke8 46. b6 Ra5 47. Rc7 Kd8 48. Be7+ Ke8 49. b7 Rb5 50. Bc5 {Accuracy: White = 62%, Black = 44%.} 1-0

[Event "Chile-ch Absolute 2018-19"]
[Site "Santiago"]
[Date "2019.02.24"]
[Round "6.6"]
[White "Vergara Jofre, Felipe"]
[Black "Garcia Cardenas, Pablo"]
[Result "1-0"]
[WhiteElo "2265"]
[BlackElo "2449"]
[Annotator "TA"]
[PlyCount "60"]
[EventDate "2019.02.20"]
[EventType "tourn"]
[EventCountry "CHI"]
[SourceTitle "playchess.com"]
[Source "ChessBase"]
[SourceQuality "1"]

{[%evp 12,60,25,16,30,11,17,0,7,-5,-14,-9,16,14,28,0,87,83,165,163,187,100,136,139,151,138,143,104,136,139,139,135,139,132,121,130,184,202,195,195,265,256,333,316,317,324,306,285,376,371,341]} 1. e4 e5 2. Nf3 Nc6 3. Bc4 Bc5 4. O-O Nf6 5. d3 d6 6. c3 h6 7. Nbd2 O-O {C54: Giuoco Piano: 4 c3 Nf6, main lines with 5 d4 and 5 d3} 8. Re1 a5 9. a4 Ne7 {The position is equal.} 10. d4 exd4 11. Nxd4 d5 $146 ({Predecessor:} 11... Ng6 12. Nf1 Bg4 13. f3 Be6 14. Bxe6 fxe6 {0-1 (95) Savchenko,B (2566)-Yu,Y (2751) Riadh 2017}) 12. e5 Ng4 13. Bd3 {Strongly threatening h3.} Nc6 (13... f6 $1 $11 14. exf6 Qd6) 14. N2f3 $16 {aiming for h3.} f6 (14... Nxd4 $16 15. cxd4 Bxd4 16. Bh7+ (16. Nxd4 Qh4 $14) 16... Kxh7 17. Qxd4 b6) 15. e6 $18 Nge5 16. Nxc6 (16. Bb1 $1 $18 {Threatens to win with Qc2.} Nxd4 17. cxd4) 16... bxc6 17. Bf5 (17. Nxe5 $6 fxe5 18. Rxe5 Qf6 $11) 17... Qe8 18. Nd4 $1 (18. Nxe5 $2 fxe5 19. Rxe5 Bd6 $17) 18... Bb6 19. f4 Bxe6 20. Bxe6+ Qxe6 21. Be3 Qf7 {...Nc4 is the strong threat.} 22. fxe5 fxe5 {[#]} 23. Nc2 $1 ({Weaker is} 23. Nf3 Bxe3+ 24. Rxe3 e4 $17) 23... d4 (23... c5 $16 {might work better.}) 24. cxd4 exd4 25. Nxd4 ({Inferior is} 25. Bxd4 Rad8 $11) 25... Rad8 {[#]} (25... Rae8 {was necessary.} 26. Kh1 Rxe3 27. Rxe3 Bxd4) 26. Qg4 $1 Qf6 {[%cal Rb6d4]} 27. Qe6+ Kh8 28. Qxf6 Rxf6 29. Nf3 Rb8 30. Bxb6 cxb6 {Accuracy: White = 68%, Black = 47%.} 1-0

[Event "Chile-ch Absolute 2018-19"]
[Site "Santiago"]
[Date "2019.02.24"]
[Round "7.1"]
[White "Garcia Cardenas, Pablo"]
[Black "Gasic Merino, Franco"]
[Result "1-0"]
[WhiteElo "2449"]
[BlackElo "2189"]
[Annotator "TA"]
[PlyCount "89"]
[EventDate "2019.02.20"]
[EventType "tourn"]
[EventCountry "CHI"]
[SourceTitle "playchess.com"]
[Source "ChessBase"]
[SourceQuality "1"]

{[%evp 12,89,29,20,36,44,49,28,47,41,50,51,127,56,66,73,100,102,109,97,114,109,104,96,107,100,100,93,104,107,112,68,77,65,97,34,97,98,519,491,481,198,194,203,197,197,378,332,488,417,704,702,680,660,811,805,1068,1047,841,780,5010,4132,29968,29969,29968,29967,29977,29977,29982,29983,29987,29988,29992,29988,29989,29990,29992,29991,29993,29993]} 1. e4 d5 2. exd5 Nf6 3. Nf3 Qxd5 4. d4 Bg4 5. Be2 Nc6 6. c4 Qd7 7. Be3 {LiveBook: 4 Games. B01: Scandinavian Defence} e6 8. Nbd2 (8. O-O Be7 9. h3 Bh5 10. Nc3 O-O 11. g4 Bg6 12. Ne5 Nxe5 13. dxe5 Qxd1 14. Rfxd1 {1-0 (35) Brandenburg,D (2527)-Hopman,P (2342) Wijk aan Zee 2012}) 8... Be7 9. a3 {White is slightly better.} a6 10. O-O $146 ({Predecessor:} 10. Qb3 Bxf3 11. Nxf3 O-O 12. h3 Rfd8 13. O-O h6 {1-0 (53) Guerra Tulcan,L (2424)-Al Zayat,A (1977) Istanbul 2012}) 10... O-O 11. b4 Rab8 (11... Rad8 $14) 12. Qb3 (12. Ne5 $16 Bxe2 13. Nxd7 Bxd1 14. Nxb8) 12... b5 13. Rfc1 Bxf3 14. Nxf3 Ng4 15. cxb5 axb5 16. Qc3 Nxe3 17. fxe3 Rb6 18. Bxb5 Rxb5 19. Qxc6 Qxc6 20. Rxc6 Ra8 21. Rac1 Rxa3 22. Rxc7 Bxb4 23. Rc8+ Bf8 {[#]} 24. Ne5 $1 $36 {[%mdl 2048] White has strong initiative.} Rb7 $2 {[%mdl 8192]} (24... g6 $16 {is tougher.}) 25. Rd8 $18 Ra2 26. Nd7 (26. h4 $142) 26... g6 27. Nxf8 {[%cal Rf8e6]} ({Worse is} 27. Rxf8+ Kg7 $11) 27... Kg7 {[#]} 28. Kh1 $1 Raa7 $2 (28... Rbb2) 29. h3 h5 (29... Ra3 {keeps fighting.} 30. e4 Rd3) 30. e4 {[%cal Be3e4,Be4d5][%mdl 32]} g5 (30... Ra2 $142 31. Nd7 Rbb2) 31. d5 exd5 32. exd5 g4 33. hxg4 hxg4 34. d6 Rb2 35. d7 g3 36. Rdc8 Rxd7 37. Nxd7 {White mates.} f5 38. Ne5 f4 39. Nd3 Rd2 40. Nxf4 Kh6 41. Rg8 Rf2 42. Nh3 Re2 43. Rxg3 Rd2 44. Kh2 Kh7 45. Rc4 {Precision: White = 73%, Black = 29%.} 1-0

[Event "Chile-ch Absolute 2018-19"]
[Site "Santiago"]
[Date "2019.02.24"]
[Round "7.2"]
[White "Olivares Olivares, Claudio"]
[Black "Vergara Jofre, Felipe"]
[Result "1-0"]
[WhiteElo "2387"]
[BlackElo "2265"]
[Annotator "NA"]
[PlyCount "107"]
[EventDate "2019.02.20"]
[EventType "tourn"]
[EventCountry "CHI"]
[SourceTitle "playchess.com"]
[Source "ChessBase"]
[SourceQuality "1"]
[TimeControl "5400+30"]

1. e4 {[%emt 0:00:00]} c5 {[%emt 0:00:00]} 2. Nf3 {[%emt 0:00:00]} Nc6 {[%emt 0:00:00]} 3. d4 {[%emt 0:00:00]} cxd4 {[%emt 0:00:00]} 4. Nxd4 {[%emt 0:00:00]} Nf6 {[%emt 0:00:00]} 5. Nc3 {[%emt 0:00:00]} e5 {[%emt 0:00:00]} 6. Ndb5 {[%emt 0:00:05]} d6 {[%emt 0:00:00]} 7. Bg5 {[%emt 0:00:08]} a6 {[%emt 0:00:00]} 8. Na3 {[%emt 0:00:10]} b5 {[%emt 0:00:00]} 9. Bxf6 {[%emt 0:00:05]} gxf6 {[%emt 0:00:00]} 10. Nd5 {[%emt 0:00:05]} Bg7 {[%emt 0:00:08]} 11. Bd3 {[%emt 0:00:05]} O-O {[%emt 0:04:29]} 12. O-O {[%emt 0:02:16]} Ne7 {[%emt 0:05:23]} 13. Nxe7+ {[%emt 0:01:12]} Qxe7 {[%emt 0:00:07]} 14. c4 {[%emt 0:00:04]} f5 {[%emt 0:03:36]} 15. Qf3 {[%emt 0:00:09]} bxc4 {[%emt 0:01:59]} 16. Nxc4 {[%emt 0:04:15]} d5 {[%emt 0:00:06]} 17. exd5 {[%emt 0:00:58]} e4 {[%emt 0:00:22]} 18. Qe3 {[%emt 0:00:06]} Bb7 {[%emt 0:06:09]} 19. Nb6 {[%emt 0:08:07]} Rad8 {[%emt 0:02:04]} 20. Bc4 {[%emt 0:00:23]} f4 {[%emt 0:10:16]} 21. Qb3 {[%emt 0:04:57]} Bd4 {[%emt 0:03:45]} 22. Rad1 {[%emt 0:00:25]} Qe5 {[%emt 0:02:42]} 23. Na4 {[%emt 0:03:12]} Bxd5 {[%emt 0:04:09]} 24. Bxd5 {[%emt 0:00:08]} Rxd5 {[%emt 0:00:48]} 25. Nc3 {[%emt 0:08:13]} Rd6 {[%emt 0:02:31]} 26. Ne2 {[%emt 0:00:47]} Bc5 {[%emt 0:03:15]} 27. Rxd6 {[%emt 0:03:31]} Bxd6 {[%emt 0:00:08]} 28. Rd1 {[%emt 0:00:31]} Rb8 {[%emt 0:03:50]} 29. Qh3 {[%emt 0:05:09]} Rxb2 {[%emt 0:03:54]} 30. Qc8+ {[%emt 0:03:33]} Kg7 {[%emt 0:05:17]} 31. Qg4+ {[%emt 0:00:07]} Kf8 {[%emt 0:18:24]} 32. Qc8+ {[%emt 0:00:06]} Ke7 {[%emt 0:00:17]} 33. Qxa6 {[%emt 0:06:14]} Bc5 {[%emt 0:07:27]} 34. Qc8 {[%emt 0:10:55]} Qd6 {[%emt 0:13:39]} 35. Nc3 {[%emt 0:04:03]} Bxf2+ {[%emt 0:00:02]} 36. Kh1 {[%emt 0:00:52]} Re2 {[%emt 0:02:40]} 37. Qb7+ {[%emt 0:11:23]} Kf8 {[%emt 0:00:01]} 38. Qc8+ {[%emt 0:00:10]} Ke7 {[%emt 0:00:04]} 39. Qb7+ {[%emt 0:01:10]} Kf8 {[%emt 0:00:03]} 40. Qb1 {[%emt 0:02:20]} Rd2 {[%emt 0:01:13]} 41. Rxd2 {[%emt 0:00:11]} Qxd2 {[%emt 0:00:02]} 42. Nxe4 {[%emt 0:00:06]} Qe3 {[%emt 0:01:20]} 43. Qb8+ {[%emt 0:01:08]} Kg7 {[%emt 0:00:11]} 44. Qe5+ {[%emt 0:00:20]} Kf8 {[%emt 0:00:47]} 45. Qd6+ {[%emt 0:03:10]} Kg7 {[%emt 0:00:20]} 46. Qf6+ {[%emt 0:00:18]} Kf8 {[%emt 0:00:40]} 47. Qh6+ {[%emt 0:00:37]} Ke8 {[%emt 0:00:20]} 48. Nf6+ {[%emt 0:00:26]} Kd8 {[%emt 0:00:05]} 49. Qf8+ {[%emt 0:00:04]} Kc7 {[%emt 0:00:19]} 50. Nd5+ {[%emt 0:00:06]} Kc6 {[%emt 0:00:06]} 51. Nxe3 {[%emt 0:00:16]} fxe3 {[%emt 0:00:01]} 52. Qxf7 {[%emt 0:00:16]} Kc5 {[%emt 0:00:11]} 53. Qxh7 {[%emt 0:00:23]} Kd4 {[%emt 0:00:12]} 54. Qc2 {[%emt 0:00:05]} 1-0

[Event "Chile-ch Absolute 2018-19"]
[Site "Santiago"]
[Date "2019.02.25"]
[Round "7.3"]
[White "Tapia Fuentes, Jaime"]
[Black "Torres Bravo, Cristobal"]
[Result "1-0"]
[WhiteElo "2259"]
[BlackElo "2347"]
[Annotator "NA"]
[PlyCount "121"]
[EventDate "2019.02.20"]
[EventType "tourn"]
[EventCountry "CHI"]
[SourceTitle "playchess.com"]
[Source "ChessBase"]
[SourceQuality "1"]
[TimeControl "5400+30"]

1. Nf3 {[%emt 0:00:00]} Nf6 {[%emt 0:00:39]} 2. g3 {[%emt 0:00:00]} b5 {[%emt 0:01:00]} 3. Bg2 {[%emt 0:01:05]} Bb7 {[%emt 0:00:05]} 4. O-O {[%emt 0:00:58]} e6 {[%emt 0:02:29]} 5. c3 {[%emt 0:03:15]} c5 {[%emt 0:02:54]} 6. d3 {[%emt 0:00:49]} d5 {[%emt 0:01:04]} 7. a4 {[%emt 0:01:33]} b4 {[%emt 0:00:27]} 8. cxb4 {[%emt 0:02:54]} cxb4 {[%emt 0:00:19]} 9. Nbd2 {[%emt 0:00:29]} Nbd7 {[%emt 0:03:18]} 10. Nb3 {[%emt 0:03:25]} Be7 {[%emt 0:03:31]} 11. Bd2 {[%emt 0:04:40]} O-O {[%emt 0:00:42]} 12. a5 {[%emt 0:03:40]} Nb8 {[%emt 0:07:23]} 13. Nfd4 {[%emt 0:08:30]} Na6 {[%emt 0:00:54]} 14. e3 {[%emt 0:06:43]} Nd7 {[%emt 0:05:03]} 15. f4 {[%emt 0:05:52]} Ndc5 {[%emt 0:04:26]} 16. Nxc5 {[%emt 0:07:21]} Bxc5 {[%emt 0:00:08]} 17. Nb3 {[%emt 0:00:12]} Bd6 {[%emt 0:01:32]} 18. Qe2 {[%emt 0:15:22]} Rc8 {[%emt 0:09:11]} 19. Rfc1 {[%emt 0:04:05]} Qd7 {[%emt 0:02:25]} 20. d4 {[%emt 0:03:31]} Rxc1+ {[%emt 0:03:07]} 21. Nxc1 {[%emt 0:00:09]} Rc8 {[%emt 0:01:27]} 22. Nd3 {[%emt 0:06:18]} Qe7 {[%emt 0:13:47]} 23. Qe1 {[%emt 0:02:28]} Rc2 {[%emt 0:02:06]} 24. Bf3 {[%emt 0:00:39]} Rc8 {[%emt 0:01:22]} 25. Bg2 {[%emt 0:00:24]} Rc7 {[%emt 0:00:26]} 26. Bf3 {[%emt 0:03:22]} Bc8 {[%emt 0:01:48]} 27. Be2 {[%emt 0:01:04]} f6 {[%emt 0:01:06]} 28. Rc1 {[%emt 0:01:50]} Rxc1 {[%emt 0:01:36]} 29. Qxc1 {[%emt 0:00:07]} Bb7 {[%emt 0:09:23]} 30. Qc2 {[%emt 0:00:35]} h6 {[%emt 0:06:19]} 31. Qa4 {[%emt 0:02:57]} Kh7 {[%emt 0:03:46]} 32. Kf2 {[%emt 0:00:51]} Bc8 {[%emt 0:06:21]} 33. Qc2 {[%emt 0:00:07]} Qc7 {[%emt 0:00:47]} 34. Nxb4+ {[%emt 0:00:12]} Qxc2 {[%emt 0:00:50]} 35. Nxc2 {[%emt 0:00:01]} Kg8 {[%emt 0:00:35]} 36. b4 {[%emt 0:01:16]} Kf8 {[%emt 0:00:10]} 37. b5 {[%emt 0:00:24]} Nb8 {[%emt 0:00:07]} 38. Bb4 {[%emt 0:00:22]} Ke7 {[%emt 0:00:09]} 39. Ke1 {[%emt 0:04:44]} Kd7 {[%emt 0:02:35]} 40. Bxd6 {[%emt 0:00:45]} Kxd6 {[%emt 0:00:05]} 41. Kd2 {[%emt 0:00:10]} a6 {[%emt 0:01:27]} 42. Kc3 {[%emt 0:00:05]} axb5 {[%emt 0:02:08]} 43. Bxb5 {[%emt 0:00:11]} Ba6 {[%emt 0:00:57]} 44. Bxa6 {[%emt 0:02:51]} Nxa6 {[%emt 0:00:01]} 45. Nb4 {[%emt 0:00:12]} Nc7 {[%emt 0:00:18]} 46. Nd3 {[%emt 0:01:24]} Kc6 {[%emt 0:01:07]} 47. Kb4 {[%emt 0:00:20]} Na6+ {[%emt 0:00:37]} 48. Ka4 {[%emt 0:00:09]} Nc7 {[%emt 0:00:29]} 49. Nc5 {[%emt 0:01:13]} e5 {[%emt 0:00:31]} 50. f5 {[%emt 0:02:06]} exd4 {[%emt 0:00:36]} 51. exd4 {[%emt 0:00:01]} Nb5 {[%emt 0:01:04]} 52. Ne6 {[%emt 0:00:23]} Nc3+ {[%emt 0:00:43]} 53. Kb4 {[%emt 0:00:12]} Na2+ {[%emt 0:00:27]} 54. Kb3 {[%emt 0:00:45]} Nc1+ {[%emt 0:00:09]} 55. Kc2 {[%emt 0:00:43]} Na2 {[%emt 0:00:40]} 56. Nxg7 {[%emt 0:00:18]} Kb5 {[%emt 0:00:29]} 57. Nh5 {[%emt 0:00:58]} Kc4 {[%emt 0:00:04]} 58. Nxf6 {[%emt 0:00:24]} Nb4+ {[%emt 0:00:12]} 59. Kd2 {[%emt 0:00:11]} Nc6 {[%emt 0:00:55]} 60. a6 {[%emt 0:00:19]} Kb5 {[%emt 0:01:02]} 61. Nxd5 {[%emt 0:00:20]} 1-0

[Event "Chile-ch Absolute 2018-19"]
[Site "Santiago"]
[Date "2019.02.24"]
[Round "7.4"]
[White "Aguirre Contreras, Cristian"]
[Black "Henriquez Villagra, Cristobal"]
[Result "0-1"]
[WhiteElo "2252"]
[BlackElo "2508"]
[Annotator "TA"]
[PlyCount "50"]
[EventDate "2019.02.20"]
[EventType "tourn"]
[EventCountry "CHI"]
[SourceTitle "playchess.com"]
[Source "ChessBase"]
[SourceQuality "1"]

{[%evp 9,50,18,4,9,28,38,31,-5,-2,-63,-31,-35,-38,-49,-57,-37,-47,-43,-49,-96,-95,-109,-98,-104,-97,-131,-112,-172,-154,-274,-264,-288,-287,-416,-400,-405,-364,-369,-331,-337,-351,-413,-328]} 1. Nf3 Nf6 2. d4 g6 3. Nc3 d5 4. Bf4 Bg7 5. Qd2 c6 6. Ne5 {D00: 1 d4 d5: Unusual lines} Be6 (6... Nbd7 7. h4 Nh5 8. Bh2 Nxe5 9. dxe5 f6 10. exf6 Nxf6 11. f3 O-O 12. O-O-O b5 13. e4 Qa5 {½-½ (25) Chatalbashev,B (2605)-Avrukh,B (2632) Benidorm 2008}) 7. f3 Nbd7 8. g4 {White is slightly better.} Nb6 $146 ({Predecessor:} 8... Qa5 9. h4 O-O-O 10. e3 Ne8 {½-½ (10) Kvassay,P (2028)-Nahalka,J (1921) Tatranske Zruby 2012}) 9. h4 ({Better is} 9. O-O-O $11) 9... h5 {[%cal Rh5g4]} 10. g5 Nfd7 11. e3 Nxe5 12. Bxe5 Bxe5 13. dxe5 Qc7 14. Qh2 Nd7 {[%cal Bb6d7,Bd7c5,Bc5b3,Bb3d2,Bd2f1][%mdl 32]} 15. f4 Qb6 16. Nd1 O-O-O 17. c3 Nc5 18. Be2 (18. a4 $17) 18... Bf5 19. Rc1 (19. O-O $17) 19... Qa5 $19 20. O-O Qxa2 21. c4 (21. Bf3 {was necessary.}) 21... Nb3 22. Rc3 Nd2 23. Ra3 Nxf1 24. Bxf1 Qb1 25. Nc3 Qe1 {Accuracy: White = 44%, Black = 58%.} 0-1

[Event "Chile-ch Absolute 2018-19"]
[Site "Santiago"]
[Date "2019.02.24"]
[Round "7.5"]
[White "Cuevas Araya, Walter"]
[Black "Salinas Herrera, Pablo"]
[Result "0-1"]
[WhiteElo "2187"]
[BlackElo "2477"]
[Annotator "TA"]
[PlyCount "44"]
[EventDate "2019.02.20"]
[EventType "tourn"]
[EventCountry "CHI"]
[SourceTitle "playchess.com"]
[Source "ChessBase"]
[SourceQuality "1"]

{[%evp 15,44,0,28,27,41,26,34,14,25,-31,-20,-54,-53,-66,-67,-179,-160,-176,-184,-169,-141,-168,-165,-231,-239,-280,-231,-231,-186,-614,-616]} 1. d4 g6 2. c4 Bg7 3. Nf3 d6 4. g3 Nf6 5. Nc3 O-O 6. Bg2 Nc6 7. O-O e5 8. h3 Nd7 {[%cal Re5d4]} 9. Be3 {E62: King's Indian: Fianchetto: 6...c6 and Panno Variation (6...Nc6) without ...a6} (9. Bg5 f6 10. Be3 f5 11. dxe5 Ncxe5 12. Qd2 c6 13. b3 Nxf3+ 14. Bxf3 Nc5 15. Rad1 Ne6 16. Bh6 Bxh6 17. Qxh6 Ng5 18. h4 Nf7 19. Qd2 Qa5 20. Bg2 Be6 21. e3 Rad8 22. Qb2 Ne5 23. Rd4 h6 24. Rfd1 g5 25. Qd2 {½-½ (25) Stohl,I (2560)-Gelfand,B (2685) Tilburg 1992}) 9... Ne7 10. dxe5 dxe5 11. Bd2 $146 {White is slightly better.} ({Predecessor:} 11. Qc1 Nf5 12. Bg5 f6 13. Bd2 Nc5 14. Rd1 Be6 15. g4 Nd6 16. Be3 Nd7 {0-1 (35) Stohl,I (2540)-Sznapik,A (2440) Budapest 1993}) 11... f5 12. Bg5 (12. Be3 $11) 12... h6 $15 13. Bxe7 Qxe7 14. Nd5 Qd6 15. Nd2 {[#]} ({Better is} 15. e4 $15) 15... c6 $1 $19 {[%cal Rc6d5]} 16. Nc3 e4 17. Nb3 Qe7 18. e3 Ne5 19. Nd2 (19. Nd4 {keeps fighting.}) 19... Be6 20. Qa4 Rfd8 21. Rfd1 Qf7 22. Bf1 $2 {[#]} (22. Qc2) 22... Rxd2 $1 {[%mdl 576] Remove Defender. Accuracy: White = 25%, Black = 74%.} 0-1